<The> Challenges and Opportunities of the Sustainable Development Strategy in China
V septembri 2015 prijala OSN Agendu 2030 pre trvalo udržateľný rozvoj pre ľudí, planétu, mier, prosperitu a partnerstvo. Identifikácia výziev a možností Agendy 2030 pre trvalo udržateľný rozvoj, najmä jej implementácia na národnej úrovni a výsledky minuloročného predsedsedníctva G20 v Číne.
Guardado en:
| Autor principal: | |
|---|---|
| Formato: | Capítulo de libro |
| Lenguaje: | inglés |
| Materias: | |
| Etiquetas: |
Sin Etiquetas, Sea el primero en etiquetar este registro!
|
MARC
| LEADER | 00000naa$a2200000$$$4500 | ||
|---|---|---|---|
| 001 | 0241324 | ||
| 005 | 20240502083647.5 | ||
| 041 | 0 | |a eng | |
| 044 | |a HU | ||
| 245 | 1 | 0 | |a <The> Challenges and Opportunities of the Sustainable Development Strategy in China |c Adam Cibuľa |
| 520 | |a V septembri 2015 prijala OSN Agendu 2030 pre trvalo udržateľný rozvoj pre ľudí, planétu, mier, prosperitu a partnerstvo. Identifikácia výziev a možností Agendy 2030 pre trvalo udržateľný rozvoj, najmä jej implementácia na národnej úrovni a výsledky minuloročného predsedsedníctva G20 v Číne. | ||
| 610 | 2 | 0 | |a projekty medzinárodné |
| 610 | 2 | 0 | |a Organizácia spojených národov |
| 610 | 2 | 0 | |a rozvoj trvalo udržateľný |
| 610 | 2 | 0 | |a politika medzinárodná |
| 610 | 2 | 0 | |a krajiny vyspelé |
| 610 | 2 | 0 | |a krajiny rozvojové |
| 610 | 2 | 0 | |a Čína |
| 610 | 2 | 0 | |a plánovanie strategické |
| 100 | 1 | |a Cibuľa, Adam, 1992- | |